000 00291nam a22001337a 4500
008 210303b ||||| |||| 00| 0 eng d
020 _a9780538742917
041 _aeng
080 _a621
100 _a26
101 _aMEK
245 _aMicrosoft Excel 2010
_cParsons,J.J
942 _2udc
_cBK
999 _c55599
_d55599